[Event "Napoli Trofeo Caissa 2nd"]
[Site "Napoli"]
[Date "2016.11.17"]
[Round "3"]
[White "Lombardo, Michele"]
[Black "Seletsky, Grigory"]
[Result "0-1"]
[WhiteElo "2098"]
[BlackElo "2298"]
[PlyCount "76"]
[EventDate "2016.11.03"]
[EventType "swiss"]
[EventRounds "7"]
[EventCountry "ITA"]
[SourceTitle "EXT 2018"]
[Source "ChessBase"]
[SourceDate "2017.10.13"]
[SourceVersion "1"]
[SourceVersionDate "2017.10.13"]
[SourceQuality "1"]

1. e4 e6 2. d4 c5 3. d5 exd5 4. exd5 d6 5. Bd3 Nf6 6. c4 Be7 7. b3 Nxd5 8. Bb2 Bf6 9. Qe2+ Qe7 10. Bxf6 Nxf6 11. Nc3 Nc6 12. Nb5 Be6 13. Nf3 a6 14. Nc3 Bg4 15. 0-0 Qxe2 16. Bxe2 0-0-0 17. h3 Bxf3 18. Bxf3 Rhe8 19. g4 Nd4 20. Bg2 h6 21. Rfe1 Nc2 22. Rxe8 Rxe8 23. Rd1 Nd4 24. Kf1 Kc7 25. Re1 Rxe1+ 26. Kxe1 g5 27. Kd2 b5 28. Ke3 b4 29. Nd1 Ne6 30. Nb2 Nf4 31. Bf1 Kd7 32. f3 Ke6 33. h4 Ke5 34. hxg5 hxg5 35. Na4 a5 36. Bd3 Nxd3 37. Kxd3 Kf4 38. Ke2 Nd7 0-1

[Event "Napoli Antica Scuola 3rd"]
[Site "Napoli"]
[Date "2014.12.11"]
[Round "2"]
[White "Baccelliere, Antonio"]
[Black "Lombardo, Michele"]
[Result "0-1"]
[WhiteElo "1698"]
[BlackElo "2080"]
[PlyCount "52"]
[EventDate "2014.12.04"]
[EventType "swiss"]
[EventRounds "6"]
[EventCountry "ITA"]
[SourceTitle "EXT 2017"]
[Source "ChessBase"]
[SourceDate "2016.10.25"]
[SourceVersion "1"]
[SourceVersionDate "2016.10.25"]
[SourceQuality "1"]

1. d4 g6 2. e4 Bg7 3. Nf3 c6 4. c4 d5 5. Nc3 Nf6 6. cxd5 cxd5 7. e5 Ng8 8. Bb5+ Nc6 9. Qa4 Qd7 10. b3 Nh6 11. 0-0 0-0 12. Ba3 Rd8 13. Rac1 a6 14. Bxc6 bxc6 15. Qb4 Bf8 16. e6 Qxe6 17. Rfe1 Qf6 18. Qb6 Bd7 19. Na4 Be8 20. Qb7 Nf5 21. Bc5 Nd6 22. Bxd6 Qxd6 23. Nb6 Rdb8 24. Qxa8 Rxa8 25. Nxa8 Qb8 26. Rc2 Qxa8 0-1

[Event "Bisaccia op 2nd"]
[Site "Bisaccia"]
[Date "2010.06.01"]
[Round "5"]
[White "Grasso, Nino"]
[Black "Lombardo, Michele"]
[Result "0-1"]
[WhiteElo "1942"]
[BlackElo "2028"]
[PlyCount "70"]
[EventDate "2010.05.29"]
[EventType "swiss"]
[EventRounds "7"]
[EventCountry "ITA"]
[SourceTitle "EXT 2024"]
[Source "ChessBase"]
[SourceDate "2023.10.10"]
[SourceVersion "1"]
[SourceVersionDate "2023.10.10"]
[SourceQuality "1"]

1. e4 g6 2. d4 Bg7 3. Nc3 c6 4. Nf3 d5 5. h3 Nf6 6. Bd3 dxe4 7. Nxe4 Nxe4 8. Bxe4 Nd7 9. c3 Nf6 10. Bc2 Qc7 11. 0-0 b6 12. Re1 Bb7 13. Qe2 e6 14. Bg5 0-0 15. Bb3 c5 16. Rad1 Ne4 17. Bh4 cxd4 18. Nxd4 g5 19. Qg4 h6 20. Bg3 Nxg3 21. fxg3 Qc5 22. Kh2 Rad8 23. Rf1 Rd6 24. h4 Rfd8 25. Nf3 Rxd1 26. Rxd1 Rxd1 27. Bxd1 gxh4 28. gxh4 Qd6+ 29. Qg3 Qxd1 30. Qb8+ Bf8 31. Qxb7 Bd6+ 32. g3 Qe2+ 33. Kh3 Qf2 34. Kg4 Qxg3+ 35. Kh5 Qg6# 0-1

[Event "Bisaccia op 2nd"]
[Site "Bisaccia"]
[Date "2010.05.29"]
[Round "1"]
[White "Epishin, Vladimir"]
[Black "Lombardo, Michele"]
[Result "1-0"]
[WhiteElo "2611"]
[BlackElo "2028"]
[PlyCount "32"]
[EventDate "2010.05.29"]
[EventType "swiss"]
[EventRounds "7"]
[EventCountry "ITA"]
[SourceTitle "EXT 2024"]
[Source "ChessBase"]
[SourceDate "2023.10.10"]
[SourceVersion "1"]
[SourceVersionDate "2023.10.10"]
[SourceQuality "1"]

1. d4 g6 2. Nf3 Bg7 3. e4 c6 4. h3 d5 5. e5 Bf5 6. Nbd2 h5 7. c4 e6 8. Be2 Ne7 9. 0-0 c5 10. cxd5 cxd4 11. Bb5+ Kf8 12. dxe6 Bxe6 13. Nb3 Nbc6 14. Nbxd4 Nxd4 15. Nxd4 Bxe5 16. Nxe6+ fxe6 1-0

[Event "Napoli Vomero Inverno op 4th"]
[Site "Napoli"]
[Date "2009.01.29"]
[Round "4"]
[White "Supino, Domenico"]
[Black "Lombardo, Michele"]
[Result "1-0"]
[WhiteElo "2080"]
[BlackElo "2021"]
[PlyCount "53"]
[EventDate "2009.01.08"]
[EventType "swiss"]
[EventRounds "7"]
[EventCountry "ITA"]
[SourceTitle "EXT 2011"]
[Source "ChessBase"]
[SourceDate "2010.11.26"]
[SourceVersion "1"]
[SourceVersionDate "2010.11.26"]
[SourceQuality "1"]

1. e4 c5 2. Nf3 d6 3. d4 cxd4 4. Nxd4 Nf6 5. Nc3 a6 6. Bc4 b5 7. Bb3 Bb7 8. 0-0 b4 9. Nd5 Nxe4 10. Ba4+ Nd7 11. Nc6 Qc8 12. Ncxe7 Bxe7 13. Nb6 Qc7 14. Bxd7+ Kf8 15. Nxa8 Qxd7 16. Nb6 Qc6 17. Be3 Nc5 18. f3 Qxb6 19. Rf2 Qc6 20. Rd2 Ne6 21. h4 h5 22. Qe1 g6 23. Rad1 d5 24. Rxd5 Qxd5 25. Rxd5 Bxd5 26. Qg3 Bf6 27. Qd6+ 1-0

[Event "Napoli Vomero Inverno op 4th"]
[Site "Napoli"]
[Date "2009.01.22"]
[Round "3"]
[White "Lombardo, Michele"]
[Black "Esposito, Rosario"]
[Result "1-0"]
[WhiteElo "2021"]
[BlackElo "1867"]
[PlyCount "57"]
[EventDate "2009.01.08"]
[EventType "swiss"]
[EventRounds "7"]
[EventCountry "ITA"]
[SourceTitle "EXT 2011"]
[Source "ChessBase"]
[SourceDate "2010.11.26"]
[SourceVersion "1"]
[SourceVersionDate "2010.11.26"]
[SourceQuality "1"]

1. e4 c5 2. Nf3 e6 3. d4 cxd4 4. Nxd4 Nc6 5. Nc3 a6 6. Be3 Qc7 7. Qd2 Nf6 8. f3 Bb4 9. a3 Be7 10. g4 0-0 11. g5 Ne8 12. 0-0-0 b5 13. Nce2 Ne5 14. Ng3 Nd6 15. Bf4 Ng6 16. Ndf5 exf5 17. Nxf5 Bxg5 18. Bxg5 Nxf5 19. exf5 Ne5 20. Be2 Bb7 21. Rhg1 Rac8 22. Bh6 Nxf3 23. Bxg7 Nxg1 24. Rxg1 Qxh2 25. Qg5 Rxc2+ 26. Kxc2 Qxe2+ 27. Kb1 Be4+ 28. Ka1 Bxf5 29. Bf6+ 1-0

[Event "Napoli Vomero Primavera op-A 5th"]
[Site "Napoli"]
[Date "2008.03.27"]
[Round "1"]
[White "Lombardo, Michele"]
[Black "Rosato, Luciano"]
[Result "0-1"]
[WhiteElo "1995"]
[BlackElo "2206"]
[PlyCount "66"]
[EventDate "2008.03.27"]
[EventType "swiss"]
[EventRounds "7"]
[EventCountry "ITA"]
[SourceTitle "EXT 2011"]
[Source "ChessBase"]
[SourceDate "2010.11.26"]
[SourceVersion "1"]
[SourceVersionDate "2010.11.26"]
[SourceQuality "1"]

1. e4 c5 2. Nc3 g6 3. g3 Bg7 4. Bg2 Nc6 5. d3 d6 6. Be3 Nf6 7. h3 0-0 8. Nge2 Qb6 9. Rb1 e5 10. Qd2 Nd4 11. f4 Nh5 12. g4 Nxe2 13. Nd5 Qd8 14. gxh5 Nxf4 15. Nxf4 exf4 16. Bxf4 Qh4+ 17. Qf2 Qxf2+ 18. Kxf2 Be5 19. Bh6 Re8 20. hxg6 hxg6 21. h4 Be6 22. c4 Kh7 23. Be3 Kg7 24. h5 Rh8 25. hxg6 fxg6 26. b4 Raf8+ 27. Ke2 Bg4+ 28. Kd2 Rxh1 29. Bxh1 Rh8 30. Rg1 Rh2+ 31. Kc1 Be2 32. bxc5 Bxd3 33. cxd6 Bb2+ 0-1

[Event "Napoli Vomero Settembre op 4th"]
[Site "Napoli"]
[Date "2007.11.01"]
[Round "6"]
[White "De Rosa, Francesco"]
[Black "Lombardo, Michele"]
[Result "1/2-1/2"]
[WhiteElo "1911"]
[BlackElo "2002"]
[PlyCount "140"]
[EventDate "2007.09.27"]
[EventType "swiss"]
[EventRounds "6"]
[EventCountry "ITA"]
[SourceTitle "EXT 2010"]
[Source "ChessBase"]
[SourceDate "2010.11.25"]
[SourceVersion "1"]
[SourceVersionDate "2010.11.25"]
[SourceQuality "1"]

1. Nf3 Nf6 2. c4 c5 3. Nc3 g6 4. g3 Bg7 5. Bg2 d6 6. d4 0-0 7. 0-0 Nc6 8. dxc5 dxc5 9. Be3 Qa5 10. Qa4 Nd7 11. Qb3 a6 12. Rfd1 Rb8 13. Rd2 b5 14. cxb5 axb5 15. Qd1 Nf6 16. Bf4 Ra8 17. a4 b4 18. Nb5 Bb7 19. Ne5 Rac8 20. Nc4 Qa6 21. Be3 Na5 22. Bxb7 Nxb7 23. Qc2 Ng4 24. Bg5 f6 25. Bf4 e5 26. Be3 Nxe3 27. Nxe3 Rfd8 28. Qc4+ Kh8 29. Nd5 Qe6 30. Ne3 Qc6 31. Rad1 Bh6 32. Qf7 Rf8 33. Qd7 Bxe3 34. fxe3 Qe4 35. Rd3 c4 36. Qd5 Qg4 37. R3d2 Nc5 38. Nd6 Nb3 39. Nxc8 Nxd2 40. Rxd2 c3 41. bxc3 bxc3 42. Rc2 Rxc8 43. Qb3 Qc4 44. Qxc4 Rxc4 45. a5 e4 46. a6 Ra4 47. Rxc3 Rxa6 48. g4 Kg7 49. Rc7+ Kh6 50. Re7 f5 51. gxf5 gxf5 52. Kg2 Rg6+ 53. Kh3 Rg1 54. Re6+ Kg5 55. Re7 Kg6 56. Re6+ Kf7 57. Rh6 Kg7 58. Ra6 Rd1 59. Ra7+ Kg6 60. Ra6+ Kg5 61. Ra2 h5 62. Rb2 Rc1 63. Rb8 Rc3 64. Rg8+ Kf6 65. Rg3 Ke5 66. Kh4 Rc2 67. Kxh5 Rxe2 68. h4 Kf6 69. Rg6+ Kf7 70. Rg5 Kf6 1/2-1/2

[Event "Napoli Vomero Settembre op 4th"]
[Site "Napoli"]
[Date "2007.10.11"]
[Round "3"]
[White "Lombardo, Michele"]
[Black "Vannini, Aldo"]
[Result "1-0"]
[WhiteElo "2002"]
[BlackElo "1959"]
[PlyCount "86"]
[EventDate "2007.09.27"]
[EventType "swiss"]
[EventRounds "6"]
[EventCountry "ITA"]
[SourceTitle "EXT 2010"]
[Source "ChessBase"]
[SourceDate "2010.11.25"]
[SourceVersion "1"]
[SourceVersionDate "2010.11.25"]
[SourceQuality "1"]

1. e4 e6 2. d4 d5 3. exd5 exd5 4. Bd3 Nf6 5. Ne2 Be7 6. Bf4 Nbd7 7. Nd2 a6 8. Ng3 Nf8 9. Nf3 Ng6 10. Bd2 0-0 11. 0-0 c5 12. c3 cxd4 13. Nxd4 Qb6 14. Qb3 Qxb3 15. axb3 Ne5 16. Bc2 Nc6 17. Ndf5 Bc5 18. b4 Ba7 19. Nd6 b5 20. Nxc8 Rfxc8 21. Bg5 Ne8 22. Bf5 Rcb8 23. Rfd1 h6 24. Be3 Bxe3 25. fxe3 Nf6 26. Ne2 Ne5 27. Nf4 Rd8 28. Kf2 g6 29. Bc2 g5 30. Ne2 Nfg4+ 31. Kg1 Nxe3 32. Rdc1 Nxc2 33. Rxc2 Nc4 34. Nd4 Re8 35. Rf2 Kg7 36. Raf1 Ne5 37. Nf5+ Kg6 38. Nd4 Kh5 39. Rf6 Ra7 40. h3 Rh8 41. g3 a5 42. Nf5 g4 43. Ng7+ Kg5 1-0

[Event "Napoli Vomero Settembre op 4th"]
[Site "Napoli"]
[Date "2007.10.04"]
[Round "2"]
[White "Della Corte, Alessandro"]
[Black "Lombardo, Michele"]
[Result "1-0"]
[WhiteElo "2260"]
[BlackElo "2002"]
[PlyCount "73"]
[EventDate "2007.09.27"]
[EventType "swiss"]
[EventRounds "6"]
[EventCountry "ITA"]
[SourceTitle "EXT 2010"]
[Source "ChessBase"]
[SourceDate "2010.11.25"]
[SourceVersion "1"]
[SourceVersionDate "2010.11.25"]
[SourceQuality "1"]

1. e4 g6 2. d4 Bg7 3. Nf3 c6 4. c3 d5 5. Nbd2 Bg4 6. Bd3 e6 7. 0-0 Ne7 8. h3 Bxf3 9. Nxf3 Nd7 10. Re1 a6 11. Bg5 0-0 12. Qb3 b5 13. exd5 cxd5 14. Bxe7 Qxe7 15. Qxd5 Nb6 16. Qb3 Qd6 17. Ne5 Rfc8 18. h4 Nd5 19. Be4 Rab8 20. Bxd5 exd5 21. a3 a5 22. Nd3 Rc4 23. Re2 Bf6 24. h5 gxh5 25. Ne5 Rbc8 26. Rae1 b4 27. cxb4 axb4 28. Qg3+ Bg7 29. Qh3 bxa3 30. bxa3 R4c7 31. Qxh5 Qxa3 32. Re3 Qb4 33. Nd3 Qxd4 34. Re8+ Rxe8 35. Rxe8+ Bf8 36. Qg5+ Qg7 37. Rxf8+ 1-0

[Event "ITA-ch U20"]
[Site "Fiuggi"]
[Date "2007.07.25"]
[Round "8"]
[White "Lombardo, Michele"]
[Black "Santagati, Alessandro"]
[Result "0-1"]
[WhiteElo "2002"]
[BlackElo "2141"]
[PlyCount "68"]
[EventDate "2007.07.18"]
[EventType "swiss"]
[EventRounds "9"]
[EventCountry "ITA"]
[SourceTitle "CBM 119 Extra"]
[Source "ChessBase"]
[SourceDate "2007.09.04"]
[SourceVersion "1"]
[SourceVersionDate "2007.09.04"]
[SourceQuality "1"]

1. e4 e6 2. d4 c5 3. Nf3 cxd4 4. Nxd4 Nc6 5. Nc3 a6 6. Be3 Qc7 7. Be2 b5 8. a3 Nf6 9. f3 d6 10. Qd2 Rb8 11. 0-0 Be7 12. Rac1 0-0 13. Nxc6 Qxc6 14. Na2 d5 15. exd5 Nxd5 16. Bf2 Bc5 17. c4 Bxf2+ 18. Rxf2 bxc4 19. Rxc4 Qb6 20. b4 Rd8 21. Rd4 Bb7 22. Bc4 Ne3 23. Qxe3 Rxd4 24. Bf1 Rbd8 25. Nc3 Qd6 26. Na4 Rd1 27. Nc5 Bd5 28. Qc3 a5 29. bxa5 Rc8 30. Rc2 Bb3 31. Qxb3 Rxc5 32. Rf2 Rxa5 33. a4 h6 34. g3 Ra1 0-1

[Event "ITA-ch U20"]
[Site "Fiuggi"]
[Date "2007.07.18"]
[Round "1"]
[White "Lombardo, Michele"]
[Black "Ronchetti, Niccolo"]
[Result "0-1"]
[WhiteElo "2002"]
[BlackElo "2410"]
[PlyCount "92"]
[EventDate "2007.07.18"]
[EventType "swiss"]
[EventRounds "9"]
[EventCountry "ITA"]
[SourceTitle "CBM 119 Extra"]
[Source "ChessBase"]
[SourceDate "2007.09.04"]
[SourceVersion "1"]
[SourceVersionDate "2007.09.04"]
[SourceQuality "1"]

1. e4 c5 2. Nc3 g6 3. g3 Bg7 4. Bg2 Nc6 5. d3 e6 6. Be3 d6 7. Qd2 Qa5 8. Nd1 Qa6 9. c3 Ne5 10. Bf1 Qc6 11. Qc2 b6 12. h3 Bb7 13. f4 Nd7 14. Bg2 f5 15. Ne2 Ngf6 16. Nf2 e5 17. Rg1 Qc7 18. g4 0-0-0 19. 0-0-0 Rde8 20. gxf5 gxf5 21. exf5 Bh6 22. Bd2 Nd5 23. Ng4 Bxf4 24. Nxf4 Nxf4 25. Bxf4 exf4 26. Bxb7+ Qxb7 27. Qf2 h5 28. Nh2 Qd5 29. Qxf4 Qxa2 30. Nf3 Rhf8 31. Nd2 Ne5 32. Kc2 Qxb2+ 33. Kxb2 Nxd3+ 34. Kb3 Nxf4 35. Nc4 Re7 36. Nxd6+ Kc7 37. Rg5 a6 38. Nc4 b5 39. Nb2 c4+ 40. Kb4 Re2 41. Ka3 Rc2 42. Rg7+ Kc6 43. Rh7 Rxc3+ 44. Ka2 Nd3 45. Rxh5 Rc2 46. Rb1 c3 0-1

[Event "Napoli Vomero Primavera op 4th"]
[Site "Napoli"]
[Date "2007.04.12"]
[Round "4"]
[White "Lombardo, Michele"]
[Black "Cosenza, Gianni"]
[Result "0-1"]
[WhiteElo "1758"]
[BlackElo "2028"]
[PlyCount "120"]
[EventDate "2007.03.22"]
[EventType "swiss"]
[EventRounds "7"]
[EventCountry "ITA"]
[SourceTitle "EXT 2010"]
[Source "ChessBase"]
[SourceDate "2010.11.25"]
[SourceVersion "1"]
[SourceVersionDate "2010.11.25"]
[SourceQuality "1"]

1. g3 d5 2. Bg2 g6 3. c3 Bg7 4. d4 c6 5. Bf4 Qb6 6. b3 Bf5 7. Nd2 Nf6 8. e3 Nbd7 9. Ne2 Nh5 10. h3 Nxf4 11. Nxf4 Nf6 12. 0-0 g5 13. Nh5 Nxh5 14. Qxh5 h6 15. e4 Bg6 16. Qe2 e6 17. exd5 cxd5 18. Bxd5 0-0 19. Be4 f5 20. Bg2 Rfe8 21. Nc4 Qc7 22. Rac1 Rad8 23. Rfd1 Kh8 24. Bf3 Re7 25. Bh5 Bh7 26. Ne5 Rf8 27. f4 Bf6 28. Kh2 Rg8 29. Qf2 Reg7 30. Rg1 Qe7 31. Nf3 g4 32. Nd2 gxh3 33. Kxh3 Bg6 34. Bxg6 Rxg6 35. Nf3 Rg4 36. Rce1 Qf7 37. Nh4 Qh5 38. c4 Qf7 39. Qe3 Qg7 40. Nxf5 exf5 41. Qf3 Bxd4 42. Rg2 Bf6 43. Kh2 h5 44. Ree2 h4 45. gxh4 Rxg2+ 46. Rxg2 Qxg2+ 47. Qxg2 Rxg2+ 48. Kxg2 Bxh4 49. Kf3 Kg7 50. Ke3 Kf7 51. Kd4 Ke6 52. a3 Bg3 53. Ke3 Bh2 54. Kf3 Kd6 55. b4 b6 56. Ke3 a5 57. Kf3 axb4 58. axb4 Bg1 59. Kg3 Be3 60. Kf3 Bd2 0-1

[Event "Napoli Vomero Primavera op 4th"]
[Site "Napoli"]
[Date "2007.03.29"]
[Round "2"]
[White "Lombardo, Michele"]
[Black "Della Ragione, Achille"]
[Result "1-0"]
[WhiteElo "1758"]
[BlackElo "2004"]
[PlyCount "89"]
[EventDate "2007.03.22"]
[EventType "swiss"]
[EventRounds "7"]
[EventCountry "ITA"]
[SourceTitle "EXT 2010"]
[Source "ChessBase"]
[SourceDate "2010.11.25"]
[SourceVersion "1"]
[SourceVersionDate "2010.11.25"]
[SourceQuality "1"]

1. g3 e5 2. Bg2 d5 3. c3 h5 4. d4 e4 5. h4 Nf6 6. Bg5 Be7 7. Bh3 Ng4 8. Bxe7 Qxe7 9. e3 Qf6 10. Qe2 Nc6 11. Nd2 Be6 12. a3 a6 13. c4 dxc4 14. Nxe4 Qg6 15. Nc3 Rd8 16. Bg2 Na5 17. Nh3 0-0 18. Nf4 Qh6 19. Nxe6 fxe6 20. 0-0 c6 21. Ne4 e5 22. dxe5 Nxe5 23. Ng5 Rd6 24. Rad1 Rfd8 25. Rxd6 Rxd6 26. Rd1 Ng4 27. Bf3 Ne5 28. Bxh5 Nb3 29. Rxd6 Qxd6 30. Qc2 Qd3 31. Qxd3 cxd3 32. f4 g6 33. Bd1 Na5 34. fxe5 Kf8 35. Kf2 Nc4 36. Bb3 Nxe5 37. Ke1 c5 38. Ne6+ Ke7 39. Nxc5 Kf6 40. Kd2 Kf5 41. Nxd3 Nd7 42. Nf4 g5 43. hxg5 Kxg5 44. Bd5 b5 45. Ne6+ 1-0